000 00728nam a2200217Ia 4500
005 20241129110250.0
008 241129s9999||||xx |||||||||||||| ||und||
020 _a978-1-77469-956-0
037 _aTB
040 _aARTS
_beng
_cARTS
041 _aeng
_2eng
084 _a2:f R4(2D)
_qARTS
100 _aRajesh Singh Ed.; Sukula Shiva Kanaujia Ed.
_9727624
245 0 _aLibrary and research ecosystem management framework and advoccy
_cRajesh Singh Ed.; Sukula Shiva Kanaujia Ed.
260 _aBurlington, Canada
_bBurlington Society Publishing Canada
_c2024
300 _axlii,583p.
365 _aINR
_b9990
650 _aLibrary ScienceResearch
_9727625
942 _cTB
_h2:f R4(2D)
999 _c1227955
_d1227955